[Event "Jacarei op 2nd"]
[Site "Jacarei"]
[Date "2019.07.26"]
[Round "1"]
[White "Espirito Santo, Jean Carlo"]
[Black "Borger, Daniel"]
[Result "0-1"]
[WhiteElo "1800"]
[BlackElo "1582"]
[PlyCount "76"]
[EventDate "2019.07.26"]
[EventType "swiss"]
[EventRounds "6"]
[EventCountry "BRA"]
[SourceTitle "CBM 191 Extra"]
[Source "ChessBase"]
[SourceDate "2019.09.30"]
[SourceVersion "1"]
[SourceVersionDate "2019.09.30"]
[SourceQuality "1"]

1. Nf3 d5 2. d4 Nf6 3. Bg5 Bf5 4. e3 Ne4 5. Bh4 Nd7 6. Nbd2 Ndf6 7. c3 a6 8. Nxe4 Nxe4 9. Nd2 Nd6 10. Be2 Qd7 11. Nb3 b6 12. h3 e6 13. Nd2 Bg6 14. 0-0 Nf5 15. Bg5 Bd6 16. e4 dxe4 17. Nxe4 0-0 18. Nxd6 Qxd6 19. Bf3 Rac8 20. g4 Ne7 21. Bh4 f5 22. Bg3 Qd7 23. g5 f4 24. Bh2 Qd6 25. Re1 Nf5 26. Bg4 Rce8 27. Qb3 Kh8 28. Bxf5 Bxf5 29. h4 Qc6 30. c4 Be4 31. d5 exd5 32. cxd5 Bxd5 33. Qc3 Qd7 34. Rxe8 Rxe8 35. Bxf4 Re4 36. Qg3 Qf5 37. Rd1 c6 38. f3 Rxf4 0-1